Catalog

Record Details

Catalog Search



Available copies

  • 1 of 1 copy available at LARL/NWRL Consortium.

Current holds

0 current holds with 1 total copy.

Show Only Available Copies
Location Call Number / Copy Notes Barcode Shelving Location Status Due Date
Roseau Public Library BAC (Text) 35500005359672 Main Available -

Record details

  • ISBN: 9780316221085 (pbk.)
  • ISBN: 0316221082 (pbk.)
  • Physical Description: 375 pages ; 21 cm.
  • Edition: First edition.
  • Publisher: New York, NY : Orbit, 2014.

Content descriptions

Summary, etc.:
"After a mysterious attack left [Devi Morris] ... Read More
Subject: Imaginary wars and battles > Fiction.
Space warfare > Fiction.
Genre: Science fiction.
Science fiction.
LDR 01663cam a2200409 i 4500
001162787
003LARL_NWRL_CONSORTIUM
00520140220142813.0
008130219s2014 nyu 000 1 eng
019 . ‡a843858504
020 . ‡a9780316221085 (pbk.)
020 . ‡a0316221082 (pbk.)
020 . ‡z9780316221078 (ebk.)
035 . ‡a(OCoLC)828142673 ‡z(OCoLC)843858504
049 . ‡aNRGB
08200. ‡a813/.6 ‡223
1001 . ‡aBach, Rachel.
24510. ‡aHonor's knight ‡n#2 / ‡cRachel Bach.
250 . ‡aFirst edition.
260 . ‡aNew York, NY : ‡bOrbit, ‡c2014.
300 . ‡a375 pages ; ‡c21 cm.
336 . ‡atext ‡2rdacontent
337 . ‡aunmediated ‡2rdamedia
338 . ‡avolume ‡2rdacarrier
4900 . ‡aParadox ; ‡v2
520 . ‡a"After a mysterious attack left [Devi Morris] short several memories and one partner, she's determined to keep her head down, do her job, and get on with her life. But even though Devi's not actually looking for it, trouble keeps finding her. She sees things no one else can, the black stain on her hands is growing, and she's entangled with the cook she thought she hated"--Page 4 of cover.
650 0. ‡aImaginary wars and battles ‡vFiction. ‡0(LARL_NWRL_CONSORTIUM)165215
650 0. ‡aSpace warfare ‡vFiction. ‡0(LARL_NWRL_CONSORTIUM)167488
655 0. ‡aScience fiction.
655 7. ‡aScience fiction. ‡2gsafd
901 . ‡a162787 ‡bOCLC ‡c162787 ‡tbiblio

Additional Resources